LEADER 00876nam2-22003011i-450 001 990005407020203316 005 20190529104149.0 035 $a000540702 035 $aUSA01000540702 035 $a(ALEPH)000540702USA01 100 $a20010829d1987----km y1itay5003----ba 101 0 $aita 102 $aIT 200 1 $a<<3.: La>> popolazione di origine italiana in Brasile 210 $aTorino$cFondazione Giovanni Agnelli$d1987 215 $aIII, 408 p.$d22 cm 461 1$1001990000571120203316$12001$aEuroamericani$v3 606 0 $aEmigrati italiani$2BNCF 676 $a305.851 801 0$aIT$bSOL$c20120104 912 $a990005407020203316 951 $a300 305.851 EUR$b992 DISES 951 $aII.5. 3311/3 (XV B 490/3)$b96135 LM 959 $aBK 969 $aDISES 969 $aUMA 996 $aPopolazione di origine italiana in Brasile$9237478 997 $aUNISA LEADER 01057nam0 22002891i 450 001 UON00300791 005 20231205104003.334 100 $a20070918d1947 |0itac50 ba 101 $aita 102 $aIT 105 $a|||| 1|||| 200 1 $aKordjan$aMazeppa$fGiulio Slowacki$gA cura di Clotilde Garosci 210 $aTorino$cUTET$d1947 215 $a312 p.$d17 cm. 410 1$1001UON00019339$12001 $aˆI ‰grandi scrittori stranieri$ecollana di traduzioni 620 $aIT$dTorino$3UONL000014 676 $a891.85$cLetteratura polacca$v21 700 1$aSlowacki$bJuliusz$3UONV114251$0444683 702 1$aGAROSCI$bClotilde$3UONV114303 712 $aUtet$3UONV246439$4650 801 $aIT$bSOL$c20250725$gRICA 899 $aSIBA - SISTEMA BIBLIOTECARIO DI ATENEO$2UONSI 912 $aUON00300791 950 $aSIBA - SISTEMA BIBLIOTECARIO DI ATENEO$dSI FD POLACCO 0057 $eSI MR 25255 7 0057 996 $aMazeppa$91374931 996 $aKordjan$91374930 997 $aUNIOR LEADER 01757oam 2200493zu 450 001 9910872446003321 005 20241212214902.0 035 $a(CKB)111026746720518 035 $a(SSID)ssj0000455081 035 $a(PQKBManifestationID)12149057 035 $a(PQKBTitleCode)TC0000455081 035 $a(PQKBWorkID)10398742 035 $a(PQKB)10218398 035 $a(EXLCZ)99111026746720518 100 $a20160829d1997 uy 101 0 $aeng 181 $ctxt 182 $cc 183 $acr 200 10$a16th DASC, AIAA/IEEE Digital Avionics Systems Conference : Reflections to the future : [October 26-30, 1997 210 31$a[Place of publication not identified]$cInstitute of Electrical and Electronics Engineers$d1997 300 $aBibliographic Level Mode of Issuance: Monograph 311 08$a9780780341500 311 08$a0780341503 606 $aDigital avionics$xCongresses 606 $aAir traffic control$vCongresses 606 $aMechanical Engineering$2HILCC 606 $aAeronautics Engineering & Astronautics$2HILCC 606 $aEngineering & Applied Sciences$2HILCC 615 0$aDigital avionics$xCongresses. 615 0$aAir traffic control 615 7$aMechanical Engineering 615 7$aAeronautics Engineering & Astronautics 615 7$aEngineering & Applied Sciences 676 $a629.135 712 02$aAmerican Institute of Aeronautics and Astronautics 712 02$aAmerican Institute of Aeronautics and Astronautics Technical Committee--Digital Avionics. 712 02$aIEEE Aerospace and Electronic Systems Society 712 12$aDigital Avionics Systems Conference 801 0$bPQKB 906 $aBOOK 912 $a9910872446003321 996 $a16th DASC, AIAA$92498255 997 $aUNINA